00243nam a2200085Ia 450000100070000000500170000700800410002424500580006526000340012380219320250826171051.0250824s9999 xx 000 0 und d 0aKAFADAN YUMURTA ÖZEL YETENEK MİYİM?cYUSUF ASAL bUĞUR BÖCEĞİ YAYINLARI